The Extended Periodic Table - Statistics

General Stats
  • This quiz has been taken 19 times
  • The average score is 6 of 56
Answer Stats
Hint Answer % Correct
122 Unbibium
67%
123 Unbitrium
67%
126 Unbihexium
33%
125 Unbipentium
33%
124 Unbiquadium
33%
162 Unhexbium
33%
169 Unhexennium
33%
166 Unhexhexium
33%
163 Unhextrium
33%
142 Unquadbium
33%
149 Unquadennium
33%
143 Unquadtrium
33%
132 Untribium
33%
133 Untritrium
33%
119 Ununennium
33%
129 Unbiennium
0%
120 Unbinilium
0%
128 Unbioctium
0%
127 Unbiseptium
0%
121 Unbiunium
0%
160 Unhexnilium
0%
168 Unhexoctium
0%
165 Unhexpentium
0%
164 Unhexquadium
0%
167 Unhexseptium
0%
161 Unhexunium
0%
184 Unoctquadium
0%
152 Unpentbium
0%
159 Unpentennium
0%
156 Unpenthexium
0%
150 Unpentnilium
0%
158 Unpentoctium
0%
155 Unpentpentium
0%
154 Unpentquadium
0%
157 Unpentseptium
0%
153 Unpenttrium
0%
151 Unpentunium
0%
146 Unquadhexium
0%
140 Unquadnilium
0%
148 Unquadoctium
0%
145 Unquadpentium
0%
144 Unquadquadium
0%
147 Unquadseptium
0%
141 Unquadunium
0%
172 Unseptbium
0%
170 Unseptnilium
0%
173 Unsepttrium
0%
171 Unseptunium
0%
139 Untriennium
0%
136 Untrihexium
0%
130 Untrinilium
0%
138 Untrioctium
0%
135 Untripentium
0%
134 Untriquadium
0%
137 Untriseptium
0%
131 Untriunium
0%
No matching quizzes found
Score Distribution
Percent of People with Each Score
Percentile by Number Answered
Your Score History
You have not taken this quiz